Elementárie /

Dobrodružný příběh o sourozencích, kteří po přestěhování do starého domu objeví magický předmět ukrytý v dutině majestátního dubu. Ten je přenese do tajemného světa Elementárie, kde žijí bytosti spjaté s přírodními živly.

Uloženo v:
Hlavní autor: Przewozná, Šárka, 1987- (Autor)
Další autoři: Stopka, Adéla, 1993- (Autor)
Médium: Kniha
Jazyk:Czech
Vydáno: Praha : Dobrovský s.r.o., 2026
Edice:Drobek
Témata:
Celkem bylo vypůjčeno:0x
Tagy:
Žádné tagy
LEADER 02509nam a2200457 i 4500
001 106139
003 CZ PrNK
005 20260415114952.0
007 ta
008 260326s2026 xr a c 000 j cze
015 |a cnb003747544 
020 |a 9788027762415  |q (brožováno) :  |c Kč 399,00 
040 |a ABG001  |b cze  |e rda 
072 7 |a 821.162.3-3  |x Česká próza  |2 Konspekt  |9 25 
072 7 |a 821-93  |x Literatura pro děti a mládež (beletrie)  |2 Konspekt  |9 26 
080 |a 821.162.3-32  |2 MRF 
080 |a 821-93  |2 MRF 
080 |a (0:82-322.9)  |2 MRF 
100 1 |a Przewozná, Šárka,  |d 1987-  |7 xx0319591  |4 aut  |9 117262 
245 1 0 |a Elementárie /  |c Šárka Przewozná ; ilustrovala Adéla Stopka 
264 1 |a Praha :  |b Dobrovský s.r.o.,  |c 2026 
300 |a 212 stran ;  |c 20 cm 
336 |a text  |b txt  |2 rdacontent 
337 |a bez média  |b n  |2 rdamedia 
338 |a svazek  |b nc  |2 rdacarrier 
490 1 |a Drobek 
520 2 |a Dobrodružný příběh o sourozencích, kteří po přestěhování do starého domu objeví magický předmět ukrytý v dutině majestátního dubu. Ten je přenese do tajemného světa Elementárie, kde žijí bytosti spjaté s přírodními živly.  |b Na první pohled velmi neutěšené staré stavení skrývá tajemství. Na zahradě, již obklopuje velká cihlová zeď, se tyčí dub, který se děti rozhodnou prozkoumat. V jeho útrobách naleznou předmět připomínající kapesní hodinky. Tento předmět je poté přenese do kouzelného světa Elementárie. Tady potkávají Zimoleze Stromžíka. Děti zjišťují, že Elementárie potřebuje jejich pomoc a že musí zachránit její královnu. Vyrážejí tedy za dobrodružstvím, které jim odhalí víc, než by čekaly. Tak se seznámí s původním majitelem jejich neutěšeného domu. Nakladatelská anotace. Kráceno. 
521 8 |a Pro děti od 8 let 
655 7 |a české příběhy  |7 fd133973  |2 czenas  |9 54030 
655 7 |a fantasy příběhy  |7 fd184198  |2 czenas  |9 54249 
655 7 |a publikace pro děti  |7 fd133156  |2 czenas  |9 23 
655 9 |a Czech stories  |2 eczenas 
655 9 |a fantasy stories  |2 eczenas 
655 9 |a children's literature  |2 eczenas 
700 1 |a Stopka, Adéla,  |d 1993-  |7 xx0269101  |4 ill  |9 115783 
710 2 |a Dobrovský (firma)  |7 olak2017946581  |4 pbl  |9 117120 
830 0 |a Drobek 
910 |a UOG502 
942 |2 ddc  |c KN 
999 |d 106139 
993 |0 0  |1 421180106864  |2 ddc  |4 0  |6 M_I  |7 0  |9 99451  |b 0  |c 106864  |d 2026-04-15  |e 0  |f M  |g M/I  |h 399.00  |i Koupě  |l M  |r 2026-04-15  |t 8  |w 2026-04-15  |y KN  |z BELET  |n